| 000 | 00585nam a22001937a 4500 | ||
|---|---|---|---|
| 005 | 20240726163948.0 | ||
| 010 | _aENG-141048 | ||
| 020 | _c920.00 | ||
| 020 |
_c920.00 _a9781937271176 |
||
| 035 | _aEN-124580 | ||
| 037 | _bDBAD | ||
| 082 | _a289.33 | ||
| 100 |
_aChrist, Jesus _968991 |
||
| 245 |
_aJesus Christ Message to all Nations _cJesus Christ |
||
| 260 |
_a Colorado City, Ariz. _b Fundamentalist Church of Jesus Christ of Latter Day Saints _c2012 |
||
| 270 | _b Colorado City, Ariz. | ||
| 300 |
_a968Pages _c24cm(pbk) |
||
| 942 |
_2ddc _cEN _h289.33 _mCHR |
||
| 999 |
_c204561 _d204561 |
||